Novels A-Z II Quiz Stats

 Plays Quiz Updated Mar 29, 2013

Challenge
Share
Tweet
Embed
Score 0/26 Timer 07:00
1 Play Today
Author Novel % Correct
Jane AustenPersuasion
89.7%
Stephen KingCujo
78.7%
James JoyceUlysses
75.9%
Kurt VonnegutSlaughterhouse-Five
67.7%
Vladimir NabokovLolita
67%
John SteinbeckOf Mice and Men
66.5%
Margaret MitchellGone with the Wind
64.7%
Charles DickensDavid Copperfield
54.1%
William FaulknerAs I Lay Dying
44%
John UpdikeRabbit, Run
39.8%
Ian FlemingYou Only Live Twice
39.5%
George EliotMiddlemarch
39.5%
Robert Louis StevensonKidnapped
37.7%
Author Novel % Correct
Evelyn WaughBrideshead Revisited
34%
Thomas HardyJude the Obscure
32.9%
Richard AdamsWatership Down
32.5%
James MichenerHawaii
30%
Henry MillerTropic of Cancer
25.6%
Edith WhartonEthan Frome
25.4%
Thomas PynchonV.
22.7%
David Foster WallaceInfinite Jest
20.6%
Isaac AsimovFoundation
20.6%
William GibsonNeuromancer
13.5%
Robert M. PirsigZen and the Art of Motorcycle Maintenance
12.6%
Orson Scott CardXenocide
10.8%
Leon UrisQB VII
8.8%

You're not logged in!

Compare scores with friends on all Sporcle quizzes.
Join for Free
OR
Log In

You Might Also Like...

Show Comments

Extras

Top Quizzes Today


Score Distribution

Your Account Isn't Verified!

In order to create a playlist on Sporcle, you need to verify the email address you used during registration. Go to your Sporcle Settings to finish the process.

Report this User

Report this user for behavior that violates our Community Guidelines.

Details: